| 000 | 00431 a2200133 4500 | ||
|---|---|---|---|
| 001 | 87649 | ||
| 082 | _aPR-26 | ||
| 090 |
_c41107 _d41107 |
||
| 100 | _aSalman Ahmad, Plt Off 15229, 69(B) EC | ||
| 245 | _aDevelopment of a generic flight simulator for fixed wing aircraft | ||
| 260 |
_aRisalpur _bCAE PAF Academy Rislapur _c2010 |
||
| 300 |
_avii, 119p. _eMansoor Ahsan, Sqn Ldr, Shahzad Arshad, Sqn Ldr |
||
| 500 | _aBE Project Reports | ||
| 942 |
_aCAE NUST _kPR 26 |
||
| 999 |
_c322722 _d322722 |
||